Tourism planning and development/ (Record no. 3652)
[ view plain ]
| 000 -LEADER | |
|---|---|
| fixed length control field | 00754 a2200205 4500 |
| 003 - CONTROL NUMBER IDENTIFIER | |
| control field | OSt |
| 005 - DATE AND TIME OF LATEST TRANSACTION | |
| control field | 20250714063108.0 |
| 008 - FIXED-LENGTH DATA ELEMENTS--GENERAL INFORMATION | |
| fixed length control field | 250714b |||||||| |||| 00| 0 eng d |
| 020 ## - INTERNATIONAL STANDARD BOOK NUMBER | |
| International Standard Book Number | 9789712368165 |
| 040 ## - CATALOGING SOURCE | |
| Original cataloging agency | DWCL - Main lib |
| Transcribing agency | OC |
| 082 ## - DEWEY DECIMAL CLASSIFICATION NUMBER | |
| Classification number | Fil. 338.4 C955t 2014 |
| 100 ## - MAIN ENTRY--PERSONAL NAME | |
| Personal name | Cruz, Reil G. |
| 245 ## - TITLE STATEMENT | |
| Title | Tourism planning and development/ |
| Statement of responsibility, etc. | Reil G. Cruz |
| 260 ## - PUBLICATION, DISTRIBUTION, ETC. | |
| Place of publication, distribution, etc. | Manila, Philippines : |
| Name of publisher, distributor, etc. | Rex Book Store, |
| Date of publication, distribution, etc. | c2014. |
| 300 ## - PHYSICAL DESCRIPTION | |
| Extent | x, 216 pages : |
| Other physical details | illustrations ; |
| Dimensions | 26 cm. |
| 504 ## - BIBLIOGRAPHY, ETC. NOTE | |
| Bibliography, etc. note | Includes bibliographical references and index. |
| 650 ## - SUBJECT ADDED ENTRY--TOPICAL TERM | |
| Topical term or geographic name entry element | 1.Tourism. |
| 773 0# - HOST ITEM ENTRY | |
| Main entry heading | Malcampo, Jeremy C. |
| International Standard Book Number | 978971237907 |
| Title | Philippine international culinary encyclopedia/ |
| Place, publisher, and date of publication | Manila, Philippines : Rex Book Store, c2016. |
| 942 ## - ADDED ENTRY ELEMENTS (KOHA) | |
| Source of classification or shelving scheme | Dewey Decimal Classification |
| Koha item type | Book-Filipiniana |
| Call number prefix | Fil. |
| Suppress in OPAC | No |
| 952 ## - LOCATION AND ITEM INFORMATION (KOHA) | |
| -- | |
| 952 ## - LOCATION AND ITEM INFORMATION (KOHA) | |
| -- | |
| 952 ## - LOCATION AND ITEM INFORMATION (KOHA) | |
| -- | |
| 952 ## - LOCATION AND ITEM INFORMATION (KOHA) | |
| -- | |
| 952 ## - LOCATION AND ITEM INFORMATION (KOHA) | |
| -- | |
| Withdrawn status | Lost status | Source of classification or shelving scheme | Damaged status | Not for loan | Home library | Current library | Shelving location | Date acquired | Source of acquisition | Cost, normal purchase price | Total Checkouts | Full call number | Barcode | Date last seen | Copy number | Price effective from | Koha item type | Uniform Resource Identifier |
|---|---|---|---|---|---|---|---|---|---|---|---|---|---|---|---|---|---|---|
| Dewey Decimal Classification | College Library | College Library | Filipiniana | 07/10/2017 | School Fund | 365.00 | Fil. 338.4 C955t 2014 | 51553 | 07/14/2025 | c5 | 07/14/2025 | BK - FIL | ||||||
| Dewey Decimal Classification | College Library | College Library | Filipiniana | 07/10/2017 | School Fund | 365.00 | Fil. 338.4 C955t 2014 | 51552 | 07/14/2025 | c4 | 07/14/2025 | BK - FIL | ||||||
| Dewey Decimal Classification | College Library | College Library | Filipiniana | 07/10/2017 | School Fund | 365.00 | Fil. 338.4 C955t 2014 | 51551 | 07/14/2025 | c3 | 07/14/2025 | BK - FIL | ||||||
| Dewey Decimal Classification | College Library | College Library | Filipiniana | 07/10/2017 | School Fund | 365.00 | Fil. 338.4 C955t 2014 | 51550 | 07/14/2025 | c2 | 07/14/2025 | BK - FIL | ||||||
| Dewey Decimal Classification | College Library | College Library | Filipiniana | 07/10/2017 | School Fund | 365.00 | Fil. 338.4 C955t 2014 | 51549 | 07/14/2025 | c1 | 07/14/2025 | BK - FIL |